Gaming Quiz

Random Gaming or Nintendo Quiz

Mario Series Boss By Picture Quiz Stats

 Plays Quiz not verified by Sporcle

Also try: Pokémon (Gen V)
Challenge
Share
Tweet
Score 0/18 Timer 07:00
0 Plays Today
Game Boss % Correct
Luigi's MansionKing Boo
99%
Super Mario Bros.False Bowser
98.5%
New Super Mario Bros. WiiBowser Jr.
66.1%
New Super Mario Bros.Dry Bowser
61.1%
Super Mario SunshinePetey Piranha
58.1%
Super Mario Bros. 3Boom Boom
45.8%
Super Mario WorldIggy Koopa
45.4%
Super Mario 64 (DS)Whomp King
42.6%
Mario & Luigi: Superstar SagaFawful
41.3%
Game Boss % Correct
Super Mario GalaxyDino Piranha
35.5%
Paper Mario: The Thousand-Year DoorHooktail
32.8%
Super Paper MarioDimentio
32.1%
Mario & Luigi: Bowser's Inside StoryDark Star X
27.8%
Paper MarioLava Piranha
25.7%
Super Mario LandTatanga
25.3%
Super Mario Bros. 2Tryclyde
23.9%
Mario & Luigi: Partners In TimeSwiggler
18.9%
Super Mario Land 2: 6 Golden CoinsThree Little Pigheads
11.8%

You're not logged in!

Compare scores with friends on all Sporcle quizzes.
OR
Log In

You Might Also Like...

Show Comments

Extras

Top Quizzes Today


Score Distribution

Your Account Isn't Verified!

In order to create a playlist on Sporcle, you need to verify the email address you used during registration. Go to your Sporcle Settings to finish the process.

Report this User

Report this user for behavior that violates our Community Guidelines.

Details: